000 00952nam a2200289 a 4500
001 000045230
003 DO-SdBNP
005 20180327113657.0
007 000045230
008 150212s2011 dr a 000 0 spa d
020 _a9789945460780
040 _aBPMSU
_bspa
_cBPMSU
092 _axxxx
_bxxxx
100 1 _aValdez, Diógenes,
_d1941-
245 1 0 _aHistoria de un muñeco que quería ser niño /
_cDiógenes Valdez ; ilustraciones Marcial Báez.
260 _aSanto Domingo :
_bSantuario,
_c2011.
300 _a41 p. :
_bil. ;
_c22 cm.
490 1 _aSantuario infantil
500 _aIncluye datos biográficos del autor en la solapa de la cubierta.
700 1 2 _aBáez, Marcial,
_eil.
830 0 _aSantuario infantil
942 _2ddc
_cBK
945 _aRemanejado para la BNPHU/ 2018 VM
956 _aDGARCIA
_b10
_c20150212
_lBND01
_h1055
956 _aLOPEREZ
_b10
_c20150219
_lBND01
_h0950
956 _aVMATEO
_b10
_c20150429
_lBMET02
_h00151
999 _c7749
_d7749